Languages by Difficulty to Learn for English Speakers - Statistics

General Stats
  • This quiz has been taken 9 times
  • The average score is 20 of 59
Answer Stats
Hint Answer % Correct
Arabic Category V
71%
Amharic Category IV
57%
Georgian Category IV
57%
Thai Category IV
57%
Sinhala Category IV
57%
Mongolian Category IV
57%
Mandarin Category V
57%
Japanese Category V
57%
Norwegian Category I
43%
Danish Category I
43%
Spanish Category I
43%
Italian Category I
43%
German Category II
43%
Estonian Category IV
43%
Hebrew Category IV
43%
Finnish Category IV
43%
Turkish Category IV
43%
Armenian Category IV
43%
Bengali Category IV
43%
Urdu Category IV
43%
Hungarian Category IV
43%
Ukranian Category IV
43%
Azerbaijani Category IV
43%
Nepali Category IV
43%
Cantonese Category V
43%
Romanian Category I
29%
French Category I
29%
Swedish Category I
29%
Afrikaans Category I
29%
Dutch Category I
29%
Malaysian Category III
29%
Serbo-Croatian Category IV
29%
Khmer Category IV
29%
Vietnamese Category IV
29%
Russian Category IV
29%
Macedonian Category IV
29%
Pashto Category IV
29%
Bulgarian Category IV
29%
Persian Category IV
29%
Slovene Category IV
29%
Polish Category IV
29%
Lao Category IV
29%
Greek Category IV
29%
Latvian Category IV
29%
Slovak Category IV
29%
Czech Category IV
29%
Uzbek Category IV
29%
Swahili Category III
14%
Burmese Category IV
14%
Icelandic Category IV
14%
Tagalog Category IV
14%
Xhosa Category IV
14%
Albanian Category IV
14%
Zulu Category IV
14%
Hindi Category IV
14%
Korean Category V
14%
Portugese Category I
0%
Indonesian Category III
0%
Lithuanian Category IV
0%
No matching quizzes found
Score Distribution
Percent of People with Each Score
Percentile by Number Answered
Your Score History
You have not taken this quiz